|
|
|
|
| LEADER |
00000cam a2200000 a 4500 |
| 001 |
vtls008585535 |
| 003 |
SK-MaSNL |
| 005 |
20260301021453.0 |
| 008 |
240318s2002 xr dal f f 001 0 cze |
| 020 |
|
|
|a 8085912759
|q (viaz.)
|c 289.00
|
| 035 |
|
|
|a SAVUKc177911
|
| 040 |
|
|
|a SNK
|b slo
|c SNK
|e AACR2
|
| 041 |
1 |
|
|a cze
|
| 044 |
|
|
|a xr
|c CZ
|
| 080 |
|
|
|a 616.921.5
|2 2001
|
| 080 |
|
|
|a (048.8)
|2 2001
|
| 100 |
1 |
|
|a Havlík, Jiří,
|d 1928-2011
|4 aut
|9 196198
|
| 245 |
1 |
0 |
|a Chřipka
|b klinický obraz, prevence a léčba
|c Jiří Havlík, Jiří Beran
|
| 260 |
|
|
|a Praha
|b Maxdorf
|c 2002
|
| 300 |
|
|
|a 147 s.
|b fotogr., graf., il., tab.
|c 22 cm
|
| 490 |
1 |
|
|a Jessenius
|
| 504 |
|
|
|a Bibliografia s. 132-135. Register. Prehľad použitých skratiek
|
| 650 |
0 |
7 |
|a chrípka
|2 SNKPH
|9 2491
|
| 655 |
|
7 |
|a monografie
|2 SNKPH
|9 70139
|
| 700 |
1 |
|
|a Beran, Jiří,
|d 1960-
|4 aut
|9 232648
|
| 810 |
2 |
|
|a Maxdorf (Praha, Česko)
|t Jessenius
|9 310482
|
| 919 |
|
|
|a 80-85912-75-9
|
| 999 |
|
|
|c 565404
|d 567334
|
| 952 |
|
|
|t snkCHR 616.92
|a SNKUST
|b SNKUST
|y PREZ
|7 0
|p 17A0513652
|o snkIC 133533
|i snk2006/12603
|8 4
|g 9.10
|0 0
|1 0
|4 0
|d 2006-06-22
|l 0
|r 2025-04-30 00:00:00
|w 2026-02-23
|